000
00311nam a22001457a 4500
008
210311b ||||| |||| 00| 0 eng d
020
_a
2901464104274
041
_a
eng
080
_a
573
082
_a
573
100
_a
11
101
_a
BIO
245
_a
Biology how Life Works
_c
Morris, J
942
_2
udc
_c
BK
999
_c
56379
_d
56379